Quizzes
Events
Quiz Creation
Community
Videos
Private Events
Remove Ads
Sign In
Join for FREE
Feedback
Dark Mode
Quiz Categories
Sports
Geography
Music
Movies
Television
Just For Fun
Miscellaneous
History
Literature
Language
Science
Gaming
Entertainment
Religion
Holiday
For Kids
Quiz Lab
Recent
Popular Today
Quiz Kudos Today
Editor Picks
Curator Picks
Quizzes by...
Day
Popularity
Type
Ratings
Length
Year
Community
Subscriptions
Recent Discussions
Orange Saloon
Badges
Playlists
Quests
Create
Leaderboards
Showdown
Live 5
Trivia Bingo
Activity
Puzzle Library
Sporcle Events
Private Events
Virtual Trivia
Globe League
Become a Host
Pub Owners
SporcleCon
Opinionation
Our Games
Videos
Blog
Mobile Apps
Partnerships
Remove Ads and Go Orange
Feedback
Music
Pop Music
The Beatles
Song
Album
Lyrics
Bands
Singers
Artist
Clip
Rock
Rap
Classical
Billboard
Country Music
Kpop
Taylor Swift
Music
Pop Music
The Beatles
Song
Album
Lyrics
Bands
Singers
Artist
Clip
Rock
Rap
Classical
Billboard
Country Music
Kpop
Taylor Swift
Random Quiz
Search Sporcle
×
Quiz Lab
Quiz Lab
Music
Type in answers that appear in a list
Type in answers that appear in a list
Classic
Best Score? Go Orange.
Figure out the Lyrics - 70s Stats
Can you name the Figure out the Lyrics - 70s?
By
chrissyml
10m
285 Questions
84 Plays
84 Plays
84 Plays
Comments
Comments
Give Quiz Kudos
Give Quiz Kudos
-
- Ratings
hide this ad
Replay
Link that replays current quiz
Next Quiz
Link to next quiz in quiz playlist
You Got
0%
They Got
Avg Score
56%
Avg Friend Score
Upgrade to see
Score Distribution
Jump to the score distribution portion of the page
Score
0/285
Timer
10:00
0
Plays Today
% Correct
a
97.6%
a
97.6%
the
97.6%
and
97.6%
the
97.6%
and
97.6%
the
97.6%
a
97.6%
the
97.6%
the
97.6%
the
97.6%
and
97.6%
and
97.6%
the
97.6%
the
97.6%
a
97.6%
and
97.6%
and
97.6%
the
97.6%
and
97.6%
a
97.6%
and
97.6%
the
97.6%
the
97.6%
And
97.6%
a
97.6%
and
97.6%
and
97.6%
the
97.6%
and
97.6%
the
97.6%
the
97.6%
and
97.6%
the
97.6%
the
97.6%
the
97.6%
the
97.6%
and
97.6%
97.6%
97.6%
97.6%
an
96.4%
you
95.2%
you
95.2%
you
95.2%
you
95.2%
you
95.2%
you
95.2%
you
95.2%
on
89.3%
in
88.1%
in
88.1%
in
88.1%
in
88.1%
in
88.1%
in
88.1%
in
88.1%
in
88.1%
in
88.1%
love
86.9%
love
86.9%
we
86.9%
love
86.9%
to
85.7%
me
85.7%
me
85.7%
to
85.7%
it
85.7%
to
85.7%
It
85.7%
me
85.7%
of
83.3%
of
83.3%
of
83.3%
of
83.3%
of
83.3%
of
83.3%
of
83.3%
my
82.1%
so
82.1%
my
82.1%
my
82.1%
So
82.1%
So
82.1%
my
82.1%
she
79.8%
she
79.8%
she
79.8%
you're
78.6%
her
78.6%
her
78.6%
you're
78.6%
If
77.4%
if
77.4%
not
77.4%
% Correct
if
77.4%
if
77.4%
that
77.4%
for
77.4%
that
77.4%
not
77.4%
it's
77.4%
for
77.4%
that
77.4%
If
77.4%
for
77.4%
been
75%
I'm
75%
I'm
75%
I'm
75%
where
73.8%
there
71.4%
there
71.4%
too
70.2%
at
70.2%
at
70.2%
at
70.2%
was
69%
was
69%
all
69%
was
69%
Like
65.5%
like
65.5%
like
65.5%
then
65.5%
like
65.5%
then
65.5%
like
65.5%
like
65.5%
Aw
64.3%
never
64.3%
I've
63.1%
said
63.1%
said
63.1%
I've
63.1%
have
61.9%
with
58.3%
with
58.3%
this
57.1%
this
57.1%
out
56%
out
56%
our
56%
we'll
53.6%
into
52.4%
into
52.4%
into
52.4%
into
52.4%
got
52.4%
by
52.4%
but
51.2%
had
50%
am
50%
you've
48.8%
know
47.6%
knew
47.6%
knew
47.6%
knew
47.6%
long.
46.4%
rain
46.4%
rain
46.4%
rain
46.4%
Come
45.2%
making
42.9%
making
42.9%
I
40.5%
I
40.5%
I
40.5%
I
40.5%
I
40.5%
I
40.5%
I
40.5%
I
40.5%
I
40.5%
I
40.5%
I
40.5%
I
40.5%
I
40.5%
I
40.5%
Yes
39.3%
midnight
38.1%
midnight
38.1%
pina
36.9%
pina
36.9%
pina
36.9%
lady.
35.7%
getting
35.7%
lady
35.7%
lady
35.7%
getting
35.7%
% Correct
lady
35.7%
getting
35.7%
lady
35.7%
We'd
34.5%
together
34.5%
looked
34.5%
wasn't
34.5%
feel
34.5%
looked
34.5%
tired
33.3%
coladas
33.3%
old
33.3%
old
33.3%
coladas
33.3%
coladas
33.3%
half
32.1%
didn't
32.1%
half
32.1%
think
31%
took
31%
brain
29.8%
though
29.8%
caught
28.6%
bad
28.6%
caught
28.6%
much
28.6%
caught
28.6%
while
27.4%
yoga
27.4%
escape.
27.4%
champagne
27.4%
escape
27.4%
champagne
27.4%
escape
27.4%
song
26.2%
ad
26.2%
paper
25%
about
25%
paper
25%
face
25%
cape
23.8%
own
23.8%
cape
23.8%
personal
22.6%
dunes
22.6%
same
22.6%
personal
22.6%
dunes
22.6%
favorite
21.4%
read
21.4%
read.
21.4%
instant
21.4%
thought
20.2%
walked
20.2%
plan
19%
lovely
19%
through
17.9%
bar
17.9%
waited
17.9%
high
17.9%
worn
16.7%
write
16.7%
kind
16.7%
wrote
16.7%
food
15.5%
place
15.5%
smile
15.5%
moment
15.5%
bed
14.3%
health
14.3%
called
14.3%
taste
14.3%
recording
13.1%
lay
11.9%
columns
11.9%
mean
11.9%
poet
11.9%
tomorrow
11.9%
O'Malley's
11.9%
laughed
11.9%
fallen
10.7%
meet
10.7%
curve
10.7%
sounds
9.5%
routine
9.5%
hopes
9.5%
sleeping
8.3%
letter
8.3%
red
8.3%
ocean
8.3%
dull
7.1%
nobody's
7.1%
noon
6%
cut
6%
tape
6%
Quiz Playlist
Details
Report
Send in Message
Add To Playlist
Classic:
Type in answers that appear in a list
Last Updated: Feb 16, 2017
Quiz Scoreboard
CHALLENGE
Sign Up to Join the Scoreboard
Show All
Scores
Hide
Comments
May contain spoilers
Recently Published
College Basketball Coaching Resumes
by pancakes188
Sports
9m
Billboard Blitz: Fleetwood Mac
by CooCooCachoo
Music
15s
Presidents Visiting Landmarks
by Hejman
History
7m
More to Explore
Quiz From the Vault
Featured Blog Post
Where Did the Easter Bunny Come From?
hide this ad
You Might Also Like...
Tags
This quiz does not have any tags.
Today's Top Quizzes in Music
Browse Music
hide this ad
Top Contributed Quizzes in Music
1
Taylor Swift All Songs (2024)
2
7-to-1: Billboard Hot 100 #1 Hits of 2010s
3
Guess the Artist- 70s Songs
4
Sorting Albums and Songs
5
Taylor Swift Logic Puzzle
6
KPOP LOGIC QUIZ
7
Guess the Taylor Swift song (Mystery Song)
8
2010s Album by Cover III
9
One Thing in Common: Music
10
Guess The Taylor Swift Lyrics Song #1
Explore More
Trending Topics
Crossword
Anime
Harry Potter
Disney
NBA
Marvel
Kpop
WWE
Pokémon
Soccer
Song
The Office
NFL
Puzzle
Country
hide this ad
More By:
chrissyml
Quiz
Plays
Rating
Category
Featured
Created
Figure out the Lyrics - 70s
84
3.00
Music
Jun 8, 2016
Monkey Monkey Underpants Monologue
53
Television
Oct 22, 2018
Penguin Clothbound Classics
31
2.00
Literature
Oct 16, 2018
Go to Creator's Profile
Score Distribution
Quiz Creator Spotlight
chrissyml
Follow
Send a Message
Quizzes Created
-
Created Quiz Play Count
-
More By This Creator
Popular Quizzes Today
1
Find the US States - No Outlines Minefield
2
Find the Countries of Europe - No Outlines Minefield
3
The Countries of the World
4
Find the US States
5
Risky Map Clicking: Biggest States A-Z
6
US States
7
Popular People in 1961
8
Movies - When Are They Set?
More Music Quizzes
Guess Dreamcatcher Songs by English Lines
Quiz Lab
Trending Quizzes
Risky Map Clicking: Least Populous States A-Z
1-10 Letter G Words
1-10 Letter F Words
Risky Map Clicking: Next State Alphabetically
Risky Map Clicking: Biggest States A-Z
Recently Updated
Leaping Animals
pecheneg
Reality TV Shows (A-Z)
bhenderson79
Rickey Henderson's Hall of Fame Teammates
pecheneg
Champions League XIs: Arsenal
pecheneg
Quick Pick: Celebrities in WWE's Hall of Fame
aduchscher
A-Z Keypad Blitz II
pecheneg
Multiple Oscar Actors
pecheneg
Mystery Phrase Blitz: Oscar 'Best Actors'
pecheneg
F. Scott Fitzgerald Novels
LTH
Pick 3 Villains
ddd62291
Trending Topics
Harry Potter
Marvel
Disney
Kpop
Crossword
NBA
Anime
The Office
Country
Puzzle
NFL
WWE
Song
Soccer
Pokémon
Your Account Isn't Verified!
In order to create a playlist on Sporcle, you need to verify the email address you used during registration. Go to your
Sporcle Settings
to finish the process.
Report this User
Report this user for behavior that violates our
Community Guidelines
.
Details:
Send Report
Go to the Sporcle.com Mobile Site →
Comments